| 000 | 00691nam a2200169Ia 4500 | ||
|---|---|---|---|
| 008 | 090711s9999 xx 000 0 und d | ||
| 082 | _b69945 | ||
| 100 | _aपरुळेकर आशा | ||
| 245 | _a"सूप्स, क्षुधावर्धक, सरबते व मुखशुध्दी" | ||
| 260 | _c1992 | ||
| 300 | _a88 | ||
| 600 | _aपरुळेकर आशा | ||
| 630 | _a"सूप्स, क्षुधावर्धक, सरबते व मुखशुध्दी" | ||
| 700 | _aपरुळेकर आशा | ||
| 730 | _a"सूप्स, क्षुधावर्धक, सरबते व मुखशुध्दी" | ||
| 942 | _cBOOK | ||
| 999 |
_c308613 _d308613 |
||